000 01215nam2a22003011 4500
001 v19\rc\1777349
005 20250619072520.0
035 _a(NLR Aleph) 004872652
090 _a5107721
_c5107721
100 _a20061204d1904 |||y0rusy50 ca
101 0 _arus
102 _aRU
105 _ay z |||||
200 1 _a[(1721-1795 гг.)]
_hТ. 1
_i(1721-1750 гг.). Ч. 2. Приложения
210 _d1904
_aБ. м.
215 _aXXI, 508 с.
461 0 _1001v19\rc\1777347
_12001#$aАкты и документы, относящиеся к истории Киевской академии$vОтд-ние 2
_95107708
_aКиевская духовная академия
_cКиев
_d1904-1916
_tАкты и документы, относящиеся к истории Киевской академии
_vОтд-ние 2
532 1 1 _aТысяча семьсот двадцать первый - тысяча семьсот девяносто пятый гг.)]
801 0 _aRU
_bNLR
_gpsbo
801 0 _aRU
_bRuMoRGB
_2psbo
801 1 _aRU
_bProSoft-M
_2rusmarc
852 _aNLR
_j38.47.5.6(1)
899 _aRuMoRGB
899 _aБАН
899 _aГПИБ
942 _cBOOK
980 _aNB